Formel 1 Fahrer 2000+Ersatzfahrer - Statistiken

Allgemein
  • Dieses Quiz wurde 32 mal gespielt
  • Das Durchschnittsergebnis liegt bei 17 aus 39
Antwortstatistiken
Team Nation Stamm oder test Fahrer % Korrekt
Ferrari Deutschland Stamm Michael Schumacher
100%
McLaren Mercedes Finnland Stamm Mika Häkkinen
100%
BMW Wiliams Deutschland Stamm Ralf Schumacher
100%
McLaren Mercedes Großbritanien Stamm David Coulthard
93%
Ferrari Brasilien Stamm Rubens Barrichello
89%
Minardi Spanien test/ersatz Fernando Alonso
82%
BMW Wiliams Großbritanien Stamm Jenson Button
82%
BAR Kanada Stamm Jaques Villeneuve
79%
Jordan Deutschland Stamm Heinz-Harald Frentzen
75%
Benetton Italien Stamm Giancarlo Fisichella
68%
Prost Deutschland Stamm Nick Heidfeld
68%
Arrows Niederlande Stamm Jos Verstappen
64%
Red Bull Sauber Finnland test/ersatz Kimi Räikkönen
64%
Benetton Österreich Stamm Alexander Wurz
61%
Prost Frankreich Stamm Jean Alesi
61%
Jordan Italien Stamm Jarno Trulli
57%
Red Bull Sauber Finnland Stamm Mika Salo
50%
Jaguar Großbritanien Stamm Eddie Irvine
46%
Jaguar Großbritanien Stamm Jonny Herbert
43%
Ferrari Italien test/ersatz Luca Badoer
43%
Arrows Spanien Stamm Pedro de la Rosa
43%
Arrows Australien test/ersatz Mark Webber
39%
McLaren Mercedes Frankreich test/ersatz Olivier Panis
39%
BAR Brasilien Stamm Ricardo Zonta
39%
Minardi Spanien Stamm Marc Gene
29%
Red Bull Sauber Brasilien Stamm Pedro Diniz
29%
Minardi Argentinien Stamm Gaston Mazzacane
21%
Jordan Tschechien test/ersatz Tomas Enge
21%
Jaguar Brasilien ersatz 1Rennen Luciano Burti
18%
Benetton Brasilien test/ersatz Antonio Pizzonia
14%
Red Bull Sauber Brasilien test/ersatz Enrique Bernoldi
14%
BMW Wiliams Brasilien test/ersatz Bruno Junqueira
7%
BMW Wiliams Deutschland test/ersatz Jörg Müller
4%
Prost Frankreich test/ersatz Stephane Sarrazin
4%
Jaguar Großbritanien test/ersatz Dario Franchitti
0%
BAR Großbritanien test/ersatz Darren Manning
0%
McLaren Mercedes Großbritanien test/ersatz Darren Turner
0%
Benetton Japan test/ersatz Hidetoshi Mitsusada
0%
BAR Frankreich test/ersatz Patrick Lemarie
0%
Keine übereinstimmenden Quizze gefunden
Verteilung der Resultate
Anzahl Personen mit jedem Resultat
Perzentil nach korrekt beantworteten Fragen
Ihre Resultats-Entwicklung
Sie haben dieses Quiz noch nicht gespielt